Barenaked Ladies “Lovers in a Dangerous Time” Lyrics - Statistics

General Stats
  • This quiz has been taken 19 times
  • The average score is 102 of 134
Answer Stats
Answer % Correct
a
100%
dangerous
100%
in
100%
Lovers
100%
lovers
100%
time
100%
as
90%
it
90%
to
90%
you
90%
your
90%
you’re
90%
and
80%
And
80%
crime
80%
if
80%
love’s
80%
of
80%
the
80%
This
80%
We
80%
When
80%
all
70%
beauty
70%
by
70%
days
70%
feel
70%
go
70%
like
70%
made
70%
skin
70%
some
70%
These
70%
waste
70%
eyes
60%
fragrant
60%
get
60%
grow
60%
hair
60%
hours
60%
lace
60%
never
60%
Never
60%
One
60%
open
60%
our
60%
shorter
60%
stop
60%
taste
60%
touch
60%
afford
50%
bleeds
50%
bodies
50%
can
50%
comes
50%
darkness
50%
daylight
50%
dazzled
50%
fall
50%
fight
50%
for
50%
fragile
50%
Got
50%
grace
50%
having
50%
kick
50%
kind
50%
minute
50%
next
50%
Nothing
50%
sky
50%
Sometimes
50%
Spirits
50%
till
50%
waiting
50%
without
50%
worth
50%
at
40%
Don’t
40%
thrust
40%
breath
30%
No matching quizzes found
Score Distribution
Percent of People with Each Score
Percentile by Number Answered
Your Score History
You have not taken this quiz